Advanced engineering mathematics / (Record no. 18113)
[ view plain ]
| 000 -LEADER | |
|---|---|
| fixed length control field | 01023pam a2200301 a 4500 |
| 001 - CONTROL NUMBER | |
| control field | 015659360 |
| 003 - CONTROL NUMBER IDENTIFIER | |
| control field | OSt |
| 005 - DATE AND TIME OF LATEST TRANSACTION | |
| control field | 20150215141642.0 |
| 008 - FIXED-LENGTH DATA ELEMENTS--GENERAL INFORMATION | |
| fixed length control field | 100927t2011 xxua frb 001 0 eng d |
| 020 ## - INTERNATIONAL STANDARD BOOK NUMBER | |
| International Standard Book Number | 9780470646137 (pbk.) |
| 020 ## - INTERNATIONAL STANDARD BOOK NUMBER | |
| International Standard Book Number | 0470646136 (pbk.) |
| 040 ## - CATALOGING SOURCE | |
| Original cataloging agency | StDuBDS |
| Language of cataloging | eng |
| Transcribing agency | StDuBDS |
| Modifying agency | Uk |
| 082 00 - DEWEY DECIMAL CLASSIFICATION NUMBER | |
| Classification number | 620.00151 |
| Edition number | 22 |
| Item number | KRE |
| 100 1# - MAIN ENTRY--PERSONAL NAME | |
| Personal name | Kreyszig, Erwin |
| 9 (RLIN) | 12964 |
| 245 10 - TITLE STATEMENT | |
| Title | Advanced engineering mathematics / |
| Statement of responsibility, etc | Erwin Kreyszig ; in collaboration with Herbert Kreyszig, Edward J. Norminton. |
| 250 ## - EDITION STATEMENT | |
| Edition statement | 10th ed., |
| Remainder of edition statement | international student version. |
| 260 ## - PUBLICATION, DISTRIBUTION, ETC. (IMPRINT) | |
| Place of publication, distribution, etc | Hoboken, United States : |
| Name of publisher, distributor, etc | Wiley, |
| Date of publication, distribution, etc | c.2011. |
| 300 ## - PHYSICAL DESCRIPTION | |
| Extent | [Various pagings] : |
| Other physical details | ill. ; |
| Dimensions | 26 cm. |
| 500 ## - GENERAL NOTE | |
| General note | Includes appendix. |
| 500 ## - GENERAL NOTE | |
| General note | Includes index. |
| 504 ## - BIBLIOGRAPHY, ETC. NOTE | |
| Bibliography, etc | Includes bibliographical references. |
| 650 #0 - SUBJECT ADDED ENTRY--TOPICAL TERM | |
| Topical term or geographic name as entry element | Engineering mathematics |
| 9 (RLIN) | 12965 |
| 653 ## - INDEX TERM--UNCONTROLLED | |
| Resource For college | Engineering, General |
| Arrived date list | March2014 |
| 655 ## - INDEX TERM--GENRE/FORM | |
| Form subdivision | |
| -- | 33728 |
| 700 1# - ADDED ENTRY--PERSONAL NAME | |
| Personal name | Kreyszig, Herbert |
| 9 (RLIN) | 35674 |
| 700 1# - ADDED ENTRY--PERSONAL NAME | |
| Personal name | Norminton, E. J. |
| Fuller form of name | (Edward J.) |
| 9 (RLIN) | 35675 |
| 942 ## - ADDED ENTRY ELEMENTS (KOHA) | |
| Source of classification or shelving scheme | Dewey Decimal Classification |
| Call number prefix | 620.00151 KRE |
| Withdrawn status | Item status | Source of classification or shelving scheme | Damaged status | Not for loan | Vendor | Home library | Current library | Shelving location | Date acquired | Source of acquisition | Cost, normal purchase price | Total Checkouts | Full call number | Barcode | Date last seen | Cost, replacement price | Koha item type | Date last borrowed | Total Renewals |
|---|---|---|---|---|---|---|---|---|---|---|---|---|---|---|---|---|---|---|---|
| Dewey Decimal Classification | Baccah | Central Library | Central Library | First floor | 17/03/2014 | 280.00 | 620.00151 KRE | 000035695 | 15/07/2025 | 350.00 | NB - Book (Non borrowing) | ||||||||
| Dewey Decimal Classification | Baccah | Central Library | Central Library | First floor | 17/03/2014 | 280.00 | 620.00151 KRE | 000035696 | 15/07/2025 | 350.00 | Book - Borrowing | ||||||||
| Dewey Decimal Classification | Baccah | Central Library | Central Library | First floor | 17/03/2014 | 280.00 | 1 | 620.00151 KRE | 000035697 | 15/07/2025 | 350.00 | Book - Borrowing | 08/03/2018 | ||||||
| Dewey Decimal Classification | Baccah | Central Library | Central Library | First floor | 17/03/2014 | 280.00 | 1 | 620.00151 KRE | 000035698 | 15/07/2025 | 350.00 | Book - Borrowing | 08/02/2015 | 17 | |||||
| Dewey Decimal Classification | Baccah | Central Library | Central Library | First floor | 17/03/2014 | 280.00 | 4 | 620.00151 KRE | 000035699 | 15/07/2025 | 350.00 | Book - Borrowing | 31/03/2021 | 11 | |||||
| Dewey Decimal Classification | Baccah | Central Library | Central Library | First floor | 17/03/2014 | 280.00 | 2 | 620.00151 KRE | 000035700 | 15/07/2025 | 350.00 | Book - Borrowing | 08/03/2018 | 14 | |||||
| Dewey Decimal Classification | Baccah | Central Library | Central Library | First floor | 17/03/2014 | 280.00 | 2 | 620.00151 KRE | 000035712 | 15/07/2025 | 350.00 | Book - Borrowing | 12/02/2019 | 14 | |||||
| Dewey Decimal Classification | Baccah | Central Library | Central Library | First floor | 17/03/2014 | 280.00 | 3 | 620.00151 KRE | 000035714 | 15/07/2025 | 350.00 | Book - Borrowing | 25/02/2019 | 110 | |||||
| Dewey Decimal Classification | Baccah | Central Library | Central Library | First floor | 17/03/2014 | 280.00 | 2 | 620.00151 KRE | 000035715 | 15/07/2025 | 350.00 | Book - Borrowing | 19/02/2025 | 26 | |||||
| Dewey Decimal Classification | Baccah | Central Library | Central Library | First floor | 17/03/2014 | 280.00 | 1 | 620.00151 KRE | 000035716 | 15/07/2025 | 350.00 | Book - Borrowing | 18/02/2019 | 1 |